Statistiques concernant Les Dragons dans de Dragon Ball ( Z / GT / S )

Cliquez ici pour prendre le quiz!

Statistiques générales

  • Ce quiz a été pris 13 fois
  • Le résultat moyen est 4 sur 12

Statistiques - réponses

Réponse% Correct
Shenron
92%
Li
75%
Su / Shu
75%
Polunga
42%
Super / Divin
42%
San
25%
Ryu
17%
U
17%
Chi
8%
Noir / Black / Melefique
8%
Ryan
8%
Toronbo
8%

Distribution des résultats

Percentile par nombre de réponses

% des personnes avec chaque résultat

Votre développement - résultats

Vous n’avez pas pris ce quiz